| 000 | 00372nam a2200157Ia 4500 | ||
|---|---|---|---|
| 008 | 230917s9999||||xx |||||||||||||| ||und|| | ||
| 020 | _cRS50 | ||
| 040 |
_e40472 _aMAIN |
||
| 041 | _aEnglish | ||
| 082 | _a959 C887S | ||
| 100 | _aCrozier, Brain | ||
| 245 | 0 | _aSouth-East Asia in Turmoil | |
| 260 |
_aMiddlesex _bPenguin Books _c1966 |
||
| 300 | _a213 p. | ||
| 942 | _cBK | ||
| 999 |
_c183427 _d183427 |
||